Determinación de las constantes armónicas de la marea para golfito
Furkejuvvon:
| Váldodahkki: | |
|---|---|
| Eará dahkkit: | , |
| Materiálatiipa: | Girji |
| Giella: | Spanish |
| Almmustuhtton: |
[San José, Costa Rica] : [Universidad de Costa Rica, Facultad de Ingeniería], Instituto de Investigaciones en Ingeniería, Laboratorio de marítima y Fluvial
2004
|
| Fáddágilkorat: |
Lasit fáddágilkoriid
Eai fáddágilkorat, Lasit vuosttaš fáddágilkora!
|
MARC
| LEADER | 00000nam a2200000Ia 4500 | ||
|---|---|---|---|
| 003 | PI0206 | ||
| 005 | 20240529083734.0 | ||
| 008 | 140114s2012 cr a 000 ||spa d | ||
| 040 | |c cru CEDI | ||
| 100 | |a Alfaro Chavarría, Henry Gustavo, 1975- |9 903 | ||
| 245 | |a Determinación de las constantes armónicas de la marea para golfito | ||
| 260 | |a [San José, Costa Rica] : [Universidad de Costa Rica, Facultad de Ingeniería], Instituto de Investigaciones en Ingeniería, Laboratorio de marítima y Fluvial |c 2004 | ||
| 500 | |a Informe Final No. 731-B0-152 | ||
| 700 | |a Govaere Vicarioli, Georges, 1972- |9 123 | ||
| 700 | |a Cruz Meléndez, Luis Alberto, 1952- |9 1706 | ||
| 942 | |c PI |h PI-206 |i PI0206 |6 PI_206_PI0206 | ||
| 999 | |c 12669 |d 12669 | ||
